Datum a čas kvízu
36.5
Celkem bodů
Celkový počet nahraných bodů na tomto kvízu bez doplňovacích otázek.
1.
Pořadí na kvízu
Konečné umístění týmu na tomto kvízu.
Zaznamenané odpovědi
| # | Otázka | Odpověď | Body | Výsledky |
|---|---|---|---|---|
| 1. | Ministr obrany Lubomír Metnar... | 0 | ||
| 2. | V keňské rezervaci Laikipia Wi... | 1 | ||
| 3. | V Křižíkově pavilonu v pražský... | 1 | ||
| 4. | Společnost Coca-Cola přichází... | 1 | ||
| 5. | Obhájkyně Fed Cupu, české teni... | 0 | ||
| 6. | Dlouhé názvy filmů byly v módě... | 0 | ||
| 5. | Francouzsko - španělská komedi... | 1 | ||
| 5. | V roce 1974 natočil režisér Cl... | 0 | ||
| 5. | Rodinná komedie, kde se objevi... | 1 | ||
| 5. | V roce 1964 natočil slavný rež... | 1 |